[Event "Napoli Trofeo Caissa 2nd"]
[Site "Napoli"]
[Date "2016.11.17"]
[Round "3"]
[White "Gallo, Thomas Renato"]
[Black "Ficco, Corrado"]
[Result "1/2-1/2"]
[WhiteElo "1823"]
[BlackElo "2030"]
[PlyCount "152"]
[EventDate "2016.11.03"]
[EventType "swiss"]
[EventRounds "7"]
[EventCountry "ITA"]
[SourceTitle "EXT 2018"]
[Source "ChessBase"]
[SourceDate "2017.10.13"]
[SourceVersion "1"]
[SourceVersionDate "2017.10.13"]
[SourceQuality "1"]

1. d4 f5 2. g3 Nf6 3. c4 g6 4. Nc3 Bg7 5. Bg2 d6 6. Nh3 0-0 7. 0-0 Nc6 8. e3 e5 9. dxe5 Nxe5 10. b3 c6 11. Ba3 Nf7 12. Rc1 Qc7 13. Qd3 Be6 14. Rfd1 Rad8 15. Nf4 Rfe8 16. Nxe6 Rxe6 17. Ne2 Ree8 18. Bb2 Ne5 19. Qc2 a6 20. Rd2 Qe7 21. Rcd1 Nf7 22. b4 Ne4 23. Bxe4 fxe4 24. Bxg7 Kxg7 25. Qc3+ Kg8 26. Kg2 Ne5 27. a4 Qf7 28. Kf1 Qxc4 29. Rxd6 Rxd6 30. Rxd6 Qxc3 31. Nxc3 Re7 32. Nxe4 Nc4 33. Rd8+ Kg7 34. Nc5 a5 35. Rd4 b5 36. bxa5 Nxa5 37. axb5 cxb5 38. Rb4 Nb7 39. Rxb5 Nxc5 40. Rxc5 h5 41. Kg2 Ra7 42. h4 Ra2 43. Kf3 Rb2 44. Rd5 Kf6 45. Rd6+ Kf7 46. e4 Ra2 47. Ke3 Rb2 48. f3 Ra2 49. Kf4 Ra4 50. g4 hxg4 51. Kxg4 Ra1 52. Rd7+ Kf6 53. Rh7 Rg1+ 54. Kf4 Re1 55. Rh8 Rh1 56. Kg3 Rg1+ 57. Kf2 Rh1 58. Kg2 Ra1 59. Rb8 Rc1 60. Rb6+ Kf7 61. Kg3 Rg1+ 62. Kf4 Rg2 63. Rb7+ Ke6 64. Rb6+ Kf7 65. Rc6 Rh2 66. Rc7+ Ke6 67. Kg5 Rg2+ 68. Kh6 Rg3 69. Rc6+ Kf7 70. f4 Rg4 71. e5 Rxh4+ 72. Kg5 Rh5+ 73. Kg4 Rh1 74. Rc7+ Ke6 75. Rc6+ Kf7 76. Rc7+ Ke6 1/2-1/2

[Event "Napoli Province-ch"]
[Site "Napoli"]
[Date "2012.12.02"]
[Round "3"]
[White "Gallo, Thomas Renato"]
[Black "Di Gennaro, Antonio"]
[Result "1-0"]
[WhiteElo "1893"]
[BlackElo "1666"]
[PlyCount "79"]
[EventDate "2012.11.22"]
[EventType "swiss"]
[EventRounds "7"]
[EventCountry "ITA"]
[SourceTitle "EXT 2014"]
[Source "ChessBase"]
[SourceDate "2013.11.20"]
[SourceVersion "1"]
[SourceVersionDate "2013.11.20"]
[SourceQuality "1"]

1. d4 d5 2. Bf4 Nf6 3. Nf3 c5 4. e3 Nc6 5. c3 Qb6 6. Qb3 c4 7. Qxb6 axb6 8. Na3 Bf5 9. Nb5 Ra5 10. Na3 e6 11. Be2 Bxa3 12. bxa3 Rxa3 13. 0-0 h6 14. Rfc1 Kd7 15. Ne5+ Nxe5 16. Bxe5 Ne8 17. f3 f6 18. Bg3 b5 19. Bd1 Nc7 20. Bc2 Bxc2 21. Rxc2 Rha8 22. Be1 R3a4 23. e4 Re8 24. Kf2 g5 25. g4 h5 26. gxh5 Rh8 27. Kg3 Rxh5 28. Kg4 Rh7 29. Bg3 Ra8 30. Rb1 Rah8 31. Rcb2 Rh5 32. a4 dxe4 33. fxe4 R5h7 34. axb5 Ra8 35. Rb4 f5+ 36. exf5 exf5+ 37. Kxf5 Nd5 38. Rxc4 Ne3+ 39. Kg6 Nxc4 40. Kxh7 1-0

[Event "Napoli Porreca Memorial 2nd"]
[Site "Napoli"]
[Date "2012.10.25"]
[Round "6"]
[White "Gallo, Thomas Renato"]
[Black "Seletsky, Grigory"]
[Result "0-1"]
[WhiteElo "1893"]
[BlackElo "2348"]
[PlyCount "60"]
[EventDate "2012.09.20"]
[EventType "swiss"]
[EventRounds "7"]
[EventCountry "ITA"]
[SourceTitle "EXT 2014"]
[Source "ChessBase"]
[SourceDate "2013.11.20"]
[SourceVersion "1"]
[SourceVersionDate "2013.11.20"]
[SourceQuality "1"]

1. d4 c5 2. d5 e5 3. c4 d6 4. e4 Be7 5. Nf3 Nf6 6. Nc3 0-0 7. Bd3 Ne8 8. a3 Bg4 9. b3 Nd7 10. h3 Bxf3 11. Qxf3 Bg5 12. Bb2 a6 13. Nd1 Nc7 14. h4 Bh6 15. Ne3 Bxe3 16. Qxe3 b5 17. f4 bxc4 18. Bxc4 Qe7 19. f5 Nb5 20. g4 Nd4 21. Kd2 Nb6 22. Rh3 Nxc4+ 23. bxc4 Rfb8 24. Bxd4 cxd4 25. Qg5 f6 26. Qh5 Rb2+ 27. Kc1 Qb7 28. Rd3 Rb8 29. g5 Rb1+ 30. Rxb1 Qxb1+ 0-1

[Event "Napoli Porreca Memorial 2nd"]
[Site "Napoli"]
[Date "2012.10.04"]
[Round "3"]
[White "Gallo, Thomas Renato"]
[Black "Colucci, Stefano"]
[Result "1-0"]
[WhiteElo "1893"]
[BlackElo "1871"]
[PlyCount "177"]
[EventDate "2012.09.20"]
[EventType "swiss"]
[EventRounds "7"]
[EventCountry "ITA"]
[SourceTitle "EXT 2014"]
[Source "ChessBase"]
[SourceDate "2013.11.20"]
[SourceVersion "1"]
[SourceVersionDate "2013.11.20"]
[SourceQuality "1"]

1. d4 Nf6 2. Bf4 d6 3. Nf3 b6 4. e3 Bb7 5. Bb5+ Nbd7 6. Nbd2 a6 7. Ba4 b5 8. Bb3 e6 9. h3 Be7 10. 0-0 0-0 11. c3 Ne4 12. Nxe4 Bxe4 13. Ne1 Bf6 14. f3 Bb7 15. e4 e5 16. Be3 c5 17. dxc5 dxc5 18. Bd5 Rb8 19. Qd2 Qc7 20. Bxb7 Rxb7 21. Rd1 Rd8 22. Qf2 c4 23. Nc2 Be7 24. a3 a5 25. Rd2 Nf8 26. Rfd1 Ne6 27. Rxd8+ Bxd8 28. Qd2 h6 29. Qd5 Be7 30. g3 Bc5 31. Kg2 Bxe3 32. Nxe3 Nc5 33. Qd2 Nd3 34. Nd5 Qc5 35. Qe2 b4 36. axb4 axb4 37. Rd2 bxc3 38. bxc3 Rb1 39. Qe3 Qa5 40. g4 Qa1 41. Kg3 Rg1+ 42. Rg2 Rf1 43. Qe2 Qc1 44. Qd2 Qb1 45. Qe3 Qd1 46. Qe2 Qa1 47. Qe3 Ne1 48. Rf2 Rg1+ 49. Kh2 Nd3 50. Rg2 Rh1+ 51. Kg3 g5 52. Qd2 Nf4 53. Nf6+ Kg7 54. Nh5+ Nxh5+ 55. gxh5 Qe1+ 56. Qxe1 Rxe1 57. Rc2 Re3 58. Kg4 Re1 59. Kf5 Rf1 60. Kxe5 Rxf3 61. Kd4 Rf4 62. Re2 Rh4 63. Re3 f5 64. Kxc4 fxe4 65. Kd5 Rf4 66. c4 Rf3 67. Kxe4 Rf1 68. Kd5 Rc1 69. c5 Rd1+ 70. Kc6 Rc1 71. Kd6 Rd1+ 72. Kc7 Kf6 73. c6 Rc1 74. Kd7 Rd1+ 75. Kc8 Rc1 76. c7 Kf7 77. Rb3 Ke7 78. Rb6 Rc3 79. Rxh6 Rxh3 80. Rh7+ Ke8 81. Rh8+ Ke7 82. h6 g4 83. h7 g3 84. Rd8 g2 85. Rg8 Rxh7 86. Rxg2 Kd6 87. Rd2+ Kc6 88. Rc2+ Kb6 89. Kb8 1-0

[Event "Napoli Porreca Memorial 2nd"]
[Site "Napoli"]
[Date "2012.09.27"]
[Round "2"]
[White "Messina, Enrico"]
[Black "Gallo, Thomas Renato"]
[Result "1-0"]
[WhiteElo "2219"]
[BlackElo "1893"]
[PlyCount "57"]
[EventDate "2012.09.20"]
[EventType "swiss"]
[EventRounds "7"]
[EventCountry "ITA"]
[SourceTitle "EXT 2014"]
[Source "ChessBase"]
[SourceDate "2013.11.20"]
[SourceVersion "1"]
[SourceVersionDate "2013.11.20"]
[SourceQuality "1"]

1. e4 c6 2. c4 d5 3. exd5 cxd5 4. cxd5 Nf6 5. Nc3 Qa5 6. Bc4 Nbd7 7. d3 Nb6 8. Qb3 e6 9. Bb5+ Bd7 10. dxe6 fxe6 11. Qxe6+ Be7 12. Bxd7+ Nbxd7 13. Nf3 Nc5 14. Qc4 b5 15. Qxb5+ Qxb5 16. Nxb5 Nxd3+ 17. Ke2 Nxc1+ 18. Rhxc1 Rb8 19. Nc7+ Kf7 20. Ne5+ Kg8 21. Nc6 Kf7 22. Ne5+ Kg8 23. b3 Ba3 24. Rc2 Rc8 25. Nc4 Bc5 26. Nb5 Ng4 27. Ne3 Nxf2 28. b4 a6 29. Nd6 1-0

[Event "Napoli Parthenope op 4th"]
[Site "Napoli"]
[Date "2012.04.26"]
[Round "5"]
[White "Gallo, Thomas Renato"]
[Black "Avolio, Giovanni"]
[Result "1/2-1/2"]
[WhiteElo "1879"]
[BlackElo "1905"]
[PlyCount "65"]
[EventDate "2012.03.22"]
[EventType "swiss"]
[EventRounds "7"]
[EventCountry "ITA"]
[SourceTitle "EXT 2018"]
[Source "ChessBase"]
[SourceDate "2017.10.13"]
[SourceVersion "1"]
[SourceVersionDate "2017.10.13"]
[SourceQuality "1"]

1. d4 Nf6 2. Bf4 d6 3. Nf3 g6 4. h3 Bg7 5. e3 0-0 6. Be2 Nbd7 7. 0-0 c5 8. c3 b6 9. Nbd2 Bb7 10. Qc2 Rc8 11. Rac1 cxd4 12. exd4 Nd5 13. Bh2 Nb4 14. Qa4 Nc6 15. Rfd1 Qc7 16. Ng5 Nf6 17. Bf3 Na5 18. Nge4 Bc6 19. Nxf6+ Bxf6 20. Bxc6 Qxc6 21. Qxc6 Rxc6 22. Re1 Rc7 23. Ne4 Bg7 24. Re2 Bxd4 25. Nxd6 exd6 26. Bxd6 Rcc8 27. Bxf8 Kxf8 28. Rd1 Bg7 29. Rd7 Nc6 30. Re4 Bf6 31. Rc4 Be7 32. Rb7 Bd8 33. b4 1/2-1/2

[Event "Napoli Province-ch 2012"]
[Site "Napoli"]
[Date "2012.01.19"]
[Round "5"]
[White "Taurisano, Vincenzo"]
[Black "Gallo, Thomas Renato"]
[Result "1-0"]
[WhiteElo "1898"]
[BlackElo "1887"]
[PlyCount "61"]
[EventDate "2011.12.15"]
[EventType "swiss"]
[EventRounds "7"]
[EventCountry "ITA"]
[SourceTitle "EXT 2018"]
[Source "ChessBase"]
[SourceDate "2017.10.13"]
[SourceVersion "1"]
[SourceVersionDate "2017.10.13"]
[SourceQuality "1"]

1. d4 d5 2. c4 e6 3. Nc3 c6 4. cxd5 exd5 5. Nf3 Nf6 6. Bg5 h6 7. Bxf6 Qxf6 8. e3 Be7 9. Bd3 Bg4 10. 0-0 Nd7 11. a4 0-0 12. a5 Bxf3 13. gxf3 Qh4 14. e4 Bg5 15. Ne2 Nf6 16. e5 Nh5 17. Kh1 Nf4 18. Ng3 g6 19. Ra3 Qh3 20. Rg1 Ne6 21. Bf1 Qh4 22. Ne2 Qxf2 23. Rg2 Qh4 24. Rg4 Qf2 25. h4 h5 26. Rg2 Bxh4 27. Rxf2 Bxf2 28. f4 h4 29. Rf3 Bg3 30. Bh3 Ng7 31. Nxg3 1-0

[Event "Napoli Porreca Cup 1st"]
[Site "Napoli"]
[Date "2011.10.20"]
[Round "5"]
[White "Seletsky, Grigory"]
[Black "Gallo, Thomas Renato"]
[Result "1-0"]
[WhiteElo "2280"]
[BlackElo "1887"]
[PlyCount "63"]
[EventDate "2011.09.22"]
[EventType "swiss"]
[EventRounds "7"]
[EventCountry "ITA"]
[SourceTitle "EXT 2018"]
[Source "ChessBase"]
[SourceDate "2017.10.13"]
[SourceVersion "1"]
[SourceVersionDate "2017.10.13"]
[SourceQuality "1"]

1. e4 e6 2. d4 d5 3. Nc3 dxe4 4. Nxe4 Bd7 5. Nf3 Bc6 6. Bd3 Nd7 7. 0-0 Ngf6 8. Ng3 Be7 9. Qe2 Bxf3 10. Qxf3 c6 11. Rd1 0-0 12. c3 Qa5 13. a4 a6 14. Qe2 Rfd8 15. b4 Qc7 16. a5 h6 17. Bd2 e5 18. Bc4 Nd5 19. Nf5 Bf8 20. Qg4 Kh8 21. Qh4 Kg8 22. Qg3 Kh8 23. Qh4 Kg8 24. Bxh6 gxh6 25. Rd3 Nf4 26. Rg3+ Kh7 27. Bxf7 Ne2+ 28. Kh1 Nf6 29. Qxf6 Nxg3+ 30. fxg3 Rd6 31. Nxd6 Qxd6 32. Bg6+ 1-0

[Event "Napoli Porreca Cup 1st"]
[Site "Napoli"]
[Date "2011.10.13"]
[Round "4"]
[White "Gallo, Thomas Renato"]
[Black "Esposito, Rosario"]
[Result "1-0"]
[WhiteElo "1887"]
[BlackElo "1859"]
[PlyCount "105"]
[EventDate "2011.09.22"]
[EventType "swiss"]
[EventRounds "7"]
[EventCountry "ITA"]
[SourceTitle "EXT 2018"]
[Source "ChessBase"]
[SourceDate "2017.10.13"]
[SourceVersion "1"]
[SourceVersionDate "2017.10.13"]
[SourceQuality "1"]

1. d4 Nf6 2. Nf3 g6 3. Bf4 Bg7 4. e3 b6 5. Nbd2 Bb7 6. h3 0-0 7. Be2 d6 8. 0-0 Nbd7 9. a4 c5 10. c3 Qc7 11. Bh2 Rfc8 12. Qb3 cxd4 13. exd4 Bd5 14. c4 Bb7 15. Qe3 Qd8 16. Rac1 Qf8 17. Rfe1 d5 18. b4 dxc4 19. Bxc4 e6 20. Qb3 Nd5 21. Ne4 Qxb4 22. Bxd5 Qxb3 23. Bxb3 Rxc1 24. Rxc1 Bxe4 25. Rc7 Bxf3 26. Rxd7 Be2 27. f3 b5 28. a5 Bc4 29. Bxc4 bxc4 30. Kf1 c3 31. Ke2 Bf8 32. Kd3 Rc8 33. Kc2 Bg7 34. Bg1 a6 35. Rd6 Bh6 36. Rxa6 Bd2 37. Bh2 Rc4 38. Be5 f5 39. Rxe6 Ra4 40. a6 Ra2+ 41. Kd3 Be1 42. Rc6 c2 43. Bf4 Bf2 44. d5 Bh4 45. d6 Bd8 46. d7 Kf7 47. Rc8 Ke7 48. Bg5+ Kxd7 49. Rxd8+ Kc7 50. Ra8 Kb6 51. Be3+ Kb5 52. a7 Ra3+ 53. Kxc2 1-0